Peter Dinklage Filmography - Statistics

General Stats
  • This quiz has been taken 74 times
    24 since last reset
  • The average score is 34 of 122
Answer Stats
Type Year Name % Correct
TV Show 2011-2019 Game of Thrones
93%
Video Game 2014 Game of Thrones
73%
Film 2003 Elf
60%
TV Show 2013, 2016 Saturday Night Live
60%
Film 2018 Avengers: Infinity War
53%
Film 2016 The Angry Birds Movie
53%
Film 2003 The Station Agent
53%
Film 2014 X-Men: Days of Future Past
53%
Theater 2018-2019 Cyrano
47%
Film 2021 Cyrano
47%
Film 2007 Death at a Funeral
47%
Film 2010 Death at a Funeral
47%
Film 2023 The Toxic Avenger
47%
Film 2012 Ice Age: Continental Drift
40%
Film 2015 Pixels
40%
Film 2019 The Angry Birds Movie 2
40%
Film 2017 Three Billboards Outside Ebbing, Missouri
40%
Film 2024 Brothers
33%
Video Game 2014 Destiny
33%
Film 2020 I Care a Lot
33%
Film 2013 Knights of Badassdom
33%
TV Film 2018 My Dinner with Hervé
33%
Film 2025 Roofman
33%
Film 2016 The Boss
33%
Film 2008 The Chronicles of Narnia: Prince Caspian
33%
Video Game 2008 The Chronicles of Narnia: Prince Caspian
33%
Film 2003 Tiptoes
33%
Theater 2025 Twelfth Night
33%
Film 2007 Underdog
33%
Film 2002 13 Moons
27%
TV Show 2009 30 Rock
27%
Short Film 2004 89 Seconds at Alcázar
27%
Film 2013 A Case of You
27%
Film 2011 A Little Bit of Heaven
27%
Film 2022 American Dreamer
27%
Theater 2015 A Month in the Country
27%
Film 2007 Ascension Day
27%
Film 2019 Between Two Ferns: The Movie
27%
Film 1996 Bullet
27%
TV Show 2005 Celebrity Poker Showdown
27%
Web Series 2025 Dexter: Resurrection
27%
Theater 2006 Endgame
27%
TV Show 2005 Entourage
27%
Film 2005 Escape Artists
27%
Theater 2002 Evolution
27%
Film 2006 Find Me Guilty
27%
Film 2005 Fortunes
27%
Theater 2005 Hope Leaves the Theatre
27%
Documentary Series 2023 How to Become a Cult Leader
27%
Documentary Mini-Series 2023 How to Become a Mob Boss
27%
Documentary Series 2021 How to Become a Tyrant
27%
Film 2001 Human Nature
27%
Video Game 2012 Ice Age: Continental Drift - Arctic Games
27%
Film 2010 I Love You Too
27%
Theater 2000 Imperfect Love
27%
TV Show 2004 I'm with Her
27%
Film 2018 I Think We're Alone Now
27%
Short Film 2004 Jail Bait
27%
Film 2002 Just a Kiss
27%
Film 2005 Lassie
27%
Short Film 2017 La Vida Nuestra
27%
Film TBA Lear Rex
27%
TV Show 2005 Life as We Know It
27%
Film 2006 Little Fugitive
27%
Film 1995 Living in Oblivion
27%
Film 2014 Low Down
27%
Film 2001 Never Again
27%
TV Show 2006 Nip/Tuck
27%
TV Show 2001 Oz
27%
Film 2006 Penelope
27%
Film 2010 Pete Smalls Is Dead
27%
Film 1999 Pigeonholed
27%
Documentary Series 2004, 2006 P.O.V.
27%
Film 2017 Rememory
27%
Theater 2003, 2004 Richard III
27%
TV Show 2022 Rick and Morty
27%
Film 1998 Safe Men
27%
Film 2009 Saint John of Las Vegas
27%
TV Show 2013 Sesame Street
27%
Film 2023 She Came to Me
27%
Film 2004 Surviving Eden
27%
Film 2015 Taxi
27%
TV Film 2005 Testing Bob
27%
Film 2014 The Angriest Man in Brooklyn
27%
Film 2005 The Baxter
27%
Film 2020 The Croods: A New Age
27%
Film TBA The Dwarf
27%
Film 2023 The Hunger Games: The Ballad of Songbirds and Snakes
27%
Theater 1995 The Killing Act
27%
Film 2010 The Last Rites of Ransom Pride
27%
Film 2006 The Limbo Room
27%
Podcast 2024 The Mysterious Affair at Styles
27%
Film 2024 The Thicket
27%
TV Show 2001 The $treet
27%
Theater 2007 Things We Want
27%
TV Show 2002 Third Watch
27%
Film 2017 Three Christs
27%
TV Show 2005-2006 Threshold
27%
Film 2023 Transformers: Rise of the Beasts
27%
TV Film 2006 Ultra
27%
Film 2024 Unfrosted
27%
Film 2024 Wicked
27%
Podcast 2020 Heads Will Roll
20%
Short Film 2023 Andalusian Crush
13%
TV Show 2002 As the World Turns
13%
Video Game 2015 Ice Age Avalanche
13%
Short Film 2011 Scrat's Continental Crack-Up: Part 2
13%
TV Special 2025 SNL50: The Anniversary Special
13%
Documentary Mini-Series 2005 The Real Family of Jesus
13%
Film 2025 Wicked: For Good
13%
Theater 2006-2007 An Oak Tree
7%
Commercial 2015 Chrysler
7%
Theater 1991-1992 Cinderella
7%
TV Documentary 2005 Ice Age Columbus: Who Were the First Americans?
7%
Theater 2009 Knickerbocker
7%
Theater 2008 Let Me Put It This Way
7%
Commercial 2018 Pepsi / Doritos
7%
Theater 2006 Power of Ten
7%
TV Show 1995 Seinfeld
7%
Theater 2005 Theater of the New Ear
7%
TV Special 2017 The David S. Pumpkins Halloween Special
7%
Theater 2008 Uncle Vanya
7%
No matching quizzes found
Score Distribution
Percent of People with Each Score
Percentile by Number Answered
Your Score History
You have not taken this quiz since the last reset